|
|
|
|
| LEADER |
00684nam a22001931 4500 |
| 001 |
c000369224 |
| 003 |
CARM |
| 005 |
00000000000000.0 |
| 008 |
851211s1963 fr 0 fre d |
| 019 |
1 |
|
|a 4174810
|5 LACONCORD2021
|
| 035 |
|
|
|a (OCoLC)219854416
|5 LACONCORD2021
|
| 100 |
1 |
|
|a Sagan, Françoise,
|d 1935-
|
| 245 |
1 |
0 |
|a Chateau en Suede :
|b theatre.
|
| 260 |
|
|
|a Paris :
|b Julliard,
|c 1963.
|
| 490 |
0 |
|
|a Livre de poche ;
|v no.935
|
| 852 |
8 |
|
|b CARM
|h A2:AQ23A0
|i A04126
|p 0346696
|f BK
|
| 082 |
0 |
4 |
|a 842.9
|
| 999 |
f |
f |
|i f55912c2-ae1f-5a43-a771-3e980884033d
|s 79b69e42-c198-58ca-b916-18923f0a6a84
|
| 952 |
f |
f |
|p Can circulate
|a CAVAL
|b CAVAL
|c CAVAL
|d CARM 1 Store
|e A04126
|f A2:AQ23A0
|h Other scheme
|i book
|m 0346696
|